| 000 | 02050cam a22005894i 4500 | ||
|---|---|---|---|
| 003 | PE-LiUPU | ||
| 005 | 20250731170503.0 | ||
| 008 | 202506s2023 mx a rb 000 0 spa d | ||
| 020 | _a9786073259231 | ||
| 035 | _aISBDNUM9786073259231 | ||
| 035 | _aPE-LiUPU000001 | ||
| 040 |
_aPE-LiUPU _bspa _cPE-LiUPU _erda _dPE-LiUPU |
||
| 082 | 0 | 4 |
_a150 _bM875p _220 |
| 100 |
_aMorris, Charles G. _eautor. _95566 |
||
| 245 | 1 | 0 |
_aPsicología / _cCharles G. Morris, Albert A. Maisto. |
| 264 | 1 |
_aCiudad de México : _bPearson, _c2023. |
|
| 300 |
_a539 páginas : _bilustraciones ; _c28 cm |
||
| 336 |
_atext _2rdacontent |
||
| 337 |
_aunmediated _2rdamedia |
||
| 338 |
_avolume _2rdacarrier |
||
| 504 | _aIncluye bibliografía e índice. | ||
| 505 | 0 | _aLa ciencia de la psicología -- Las bases biológicas del comportamiento -- Sensación y percepción -- Estados de conciencia -- Aprendizaje -- Memoria -- Cognición y habilidades mentales -- Motivación y emoción -- Desarrollo en el ciclo de vida -- Personalidad -- Estrés y psicología de la salud -- Trastornos psicológicos -- Terapias -- Psicología social. | |
| 526 | _aSEG68 | ||
| 526 | _aSEG70 | ||
| 526 | _aSEG69 | ||
| 526 | _aSEG67 | ||
| 526 | _aSEG43 | ||
| 526 | _aP144 | ||
| 526 | _aP143 | ||
| 526 | _aP131 | ||
| 526 | _aP122 | ||
| 526 | _aP120 | ||
| 526 | _aP117 | ||
| 526 | _aP112 | ||
| 526 | _aP110 | ||
| 526 | _aP106 | ||
| 526 | _aP101 | ||
| 526 | _aP80 | ||
| 526 | _aP59 | ||
| 526 | _aP54 | ||
| 526 | _aP35 | ||
| 526 | _aP33 | ||
| 526 | _aP30 | ||
| 650 | 1 | 0 |
_aPsicología. _95567 |
| 650 | 0 | 0 |
_aComportamiento humano. _xPsicología. _95568 |
| 651 | 0 |
_aMéxico _xEstudio. |
|
| 700 |
_aMaisto, Albert A. _eautor. _95569 |
||
| 856 | 4 | 0 |
_uhttps://www.pearson.com.mx/psicologia-9786073259231 _zEnlace al recurso (si disponible). |
| 942 |
_2ddc _cBK |
||
| 980 |
_621515 _aROMINA COBOS Adquisiciones _81 _gALBERTO SANCHEZ Responsable de Automatización |
||
| 999 |
_c62976 _d62975 |
||